Celebrities by photo - Statistics

General Stats
  • This quiz has been taken 32 times
  • The average score is 12 of 16
Answer Stats
Picture Answer % Correct
Adele
96%
Billie Eilish
96%
Nicki Minaj
89%
Jason Momoa
86%
Lizzo
86%
Pitbull
86%
Sabrina Carpenter
86%
Greta Thunberg
82%
Kendrick Lamar
71%
Millie Bobby Brown
71%
Adam Driver
64%
Harry Kane
57%
Mia Kunis
57%
Anya Taylor-Joy
46%
Glen Powell
43%
Ana de Armas
39%
No matching quizzes found
Score Distribution
Percent of People with Each Score
Percentile by Number Answered
Your Score History
You have not taken this quiz